000 01262nam a22002297a 4500
999 _c59363
_d59363
003 Ge_BSU
005 20230130161112.0
008 230130s2004 ge ||||| |||| 00| 0 geo d
020 _a9994072951
041 _ageo
080 _a342.729 შ-35
245 _aშეკრებისა და გაერთიანების თავისუფლება /
_c[რედ.: მაია მენაღარიშვილი, ბესარიონ ბოხაშვილი ; თარგმანი რუსუდან ტუშური.
264 _aთბილისი :
_bსაია,
_c 2004.
300 _a160 გვ. ;
_b20 სმ.
490 _aახალგაზრდა იურისტის ბიბლიოთეკა
_v6
653 _a შეკრებების თავისუფლება
653 _a გაერთიანების თავისუფლება
700 _aმენაღარიშვილი, მაია
_eრედაქტორი
_9935
700 _aბოხაშვილი, ბესარიონ
_eრედაქტორი
_96433
700 _aტუშური, რუსუდან
_eმთარგმნელი
_916825
942 _2udc
_cBK